00480nam a22001577a 450000500170000001000170001702000260003403500170006003700080007708200080008510000180009324500960011126000370020727000520024430000260029620101130154914.0 aB-420408-431 c70.00 a9788174824523 aB-420408-431 bUBH a370 aGupta, Sanjay aUpkar's practice work book UGC NET/JRF/SLET teaching & research aptitude /cby Sanjay Gupta aNew DelhibUpkar Prakashanc201? a4845, Ansari Road, DaryaganjbNew Delhie110002 a116p. ;c27 cm. (Pbk)